Oto odletel na svoj posledný let

Bibliographic Details
Main Author: Michalík, Dominik (Author)
Format: Article
Language:Slovak
PhysicalDescription:Fotogr.
ISSN:1335-6828
Subjects:

MARC

LEADER 00000nab a2200000 ar4500
001 vtls009464103
003 SK-MaSNL
005 20260304015553.0
008 171120c2008 xo br|p|r|||||000 b|slo
015 |a SNBRB2009/01 
038 |a PPPKCL 
040 |a PPPKCL  |b slo  |c PPPK  |e AACR2 
041 0 |a slo 
044 |a xo  |c SK 
072 7 |a 614.8  |x Úrazy a ich prevencia  |2 konspekt 
080 |a 629.73-051  |2 2001 
080 |a 796.52.071.2  |2 2001 
080 |a 614.88-051(23.0)  |x (234.372.4)  |2 1981 
080 |a 929  |x (234.372.4)  |2 2001 
080 |a 929 Chudý, Oto  |2 2001 
100 1 |a Michalík, Dominik  |4 aut  |9 483156 
245 1 0 |a Oto odletel na svoj posledný let  |c Dominik Michalík 
300 |b Fotogr. 
600 1 7 |a Chudý, Oto,  |d 1932-2008  |2 pppkcl  |9 119004 
650 0 7 |a rodáci  |2 snkbucl  |9 30842 
650 0 7 |a letci  |2 pppkcl  |9 30031 
650 0 7 |a horolezci  |2 pppkcl  |9 3285 
650 0 7 |a horskí záchranári  |2 pppkcl  |9 81479 
650 0 7 |a osobnosti  |2 pppkcl  |9 29820 
651 7 |a Trnava (Slovensko)  |2 pppkcl  |9 19407 
651 7 |a Vysoké Tatry (Poľsko a Slovensko : pohorie)  |2 pppkcl  |9 67729 
773 0 |t Tatry : dvojmesačník Štátnych lesov Tatranského národného parku v Tatranskej Lomnici  |g Roč.XXXXVI, č. 6 (2008), s. 24  |x 1335-6828 
852 |a PPPK  |b KIS3GCP 
999 |c 2592339  |d 2594269